000 00990nam a22002897a 4500
001 5393
003 FISKH
005 20241202123428.0
008 241202b cb ||||| |||| 00| 0 eng d
020 _a9780545286077
040 _aFISKH
_beng
_cFISKH
_dFISKH
050 _aHB3717.B58
082 _a332.64
100 _aBlumenthal, Karen
245 _aSix Days in October :
_bThe Stock Market Crash of 1929 /
_cby Karen Blumenthal
250 _aFirst Scholastic printing, October 2010
260 _aNew York :
_bScholastic ;
_c2002.
300 _a156 pages :
_billustrations ;
_c24 cm .
505 _aZ
520 _aA comprehensive review of the events, personalities, and mistakes behind the Stock Market Crash of 1929, featuring photographs, newspaper articles, and cartoons of the day.
521 8 _a1040
_bLexile
521 8 _aZ
_bRaz-Plus
650 _astock market
_vNon-fiction
650 _aeconomics
_vNon-fiction
942 _2ddc
_cBK
_n0
999 _c5393
_d5393